Estadísticas para Palabras de Animales en Inglés

Haz click aquí para tomar la prueba!

Estadísticas generales

  • Esta prueba ha sido tomada 6.942 veces
  • La puntuación promedio es 22 de 24

Estadísticas de respuestas

InglésEspañol% Correcto
CatGato
100%
HorseCaballo
98%
LionLeón
98%
DogPerro
98%
SpiderAraña
97%
FishPez
97%
MonkeyMono
96%
TurtleTortuga
96%
PigCerdo
95%
BirdPájaro
95%
BullToro
95%
WolfLobo
94%
ButterflyMariposa
94%
CowVaca
94%
SharkTiburón
93%
FoxZorro
92%
BeeAbeja
91%
FrogRana
91%
AntHormiga
90%
GoatCabra
86%
DonkeyBurro
80%
JellyfishMedusa
75%
LizardLagarto
73%
RoosterGallo
58%

Distribución de puntuación

Porcentaje por número respondido

Porcentaje de gente con cada puntuación

Historial de tus puntuaciones

No has tomado esta prueba